| 000 | 01164nam a2200337 i 4500 | ||
|---|---|---|---|
| 003 | EG-GICUC | ||
| 005 | 20260428074551.0 | ||
| 008 | 260428s1988 fr ||||fr|||| 00| 0 fre d | ||
| 040 |
_aEG-GiCUC _bfre _cEG-GiCUC _dEG-GiCUC _erda |
||
| 041 | 0 | _afre | |
| 082 | 0 | 4 |
_221 _a343.303 _bRE |
| 092 | 0 | 4 | _221 |
| 099 | _aLaw1 10 343.303 RE 2 ed - 1988 | ||
| 245 | 0 | 0 |
_aRépertoire De Droit Pénal Et De Procédure Pénale . _nTome III, _pDroit Criminel À Insignes Et Emblèmes / _cAvec Le Le Concours De Philippe Pierre Gallier |
| 246 | 1 | 8 | _aPénal III DR - INSI |
| 250 | _a2 Édition | ||
| 264 | 1 |
_aParis : _bJurisprudence Générale Dalloz, _c1988. |
|
| 300 |
_apagination diverse, _c26 cm _billustration ; |
||
| 336 |
_2rda content _atext |
||
| 337 |
_2rda media _aComputer |
||
| 338 |
_2rda carrier _aOnline Resource |
||
| 500 | _aMise A Jour 1988 | ||
| 504 | _aBibliography: pages 200-250. 240-220 | ||
| 546 | _aTexte en français | ||
| 650 | 1 | 4 |
_aDroit pénal _2qrmak |
| 651 | 1 | _2qrmak | |
| 700 | 1 |
_aGallier, Philippe Pierre _eContributeur |
|
| 856 | 4 | 0 | _uhttps://fll.law.cu.edu.eg/fulltext/bks/B10-11694.pdf |
| 905 | _a48 | ||
| 942 |
_2ddc _cREF _e21 _n0 |
||
| 999 |
_c73744 _d73744 |
||